Interaktívna vizualizácia dát v rozšírenej realite

Salvato in:
Dettagli Bibliografici
Autore principale: Borecký, Miroslav (Autore)
Altri autori: Kapec, Peter (Relatore della tesi)
Natura: Manoscritto Libro
Lingua:slovacco
Pubblicazione: 2019
Soggetti:
Accesso online:http://is.stuba.sk/zp/portal_zp.pl?podrobnosti=135044
Tags: Aggiungi Tag
Nessun Tag, puoi essere il primo ad aggiungerne!!

MARC

LEADER 00000ntm a22000003a 4500
001 stuzp75098
003 SK-STU
005 20190715141133.4
007 ta
008 150427s2015----xo-----f-mn---000-0-slo-d
040 |a STU  |b slo 
041 0 |a slo 
044 |a xo 
100 1 |a Borecký, Miroslav  |u 070400  |4 aut  |U FIIT Fakulta informatiky a informačných technológií  |T FIIT Ústav počítačového inžinierstva a aplikovanej informatiky  |X 86085  |U I400  |Y 672  |7 86085 
242 0 1 |a Interactive data visualisation in augmented reality  |y eng 
245 1 0 |a Interaktívna vizualizácia dát v rozšírenej realite 
260 |c 2019 
650 4 |a Interakcia  |2 slo 
650 4 |a Rozšírená realita  |2 slo 
650 4 |a Vizualizácia  |2 slo 
650 4 |a Visualisation  |2 eng 
650 4 |a Augmented reality  |2 eng 
650 4 |a Interaction  |2 eng 
700 1 |a Kapec, Peter  |u 070400  |k Z1  |4 ths  |U FIIT Fakulta informatiky a informačných technológií  |T FIIT Ústav počítačového inžinierstva a aplikovanej informatiky  |X 10235  |U I400  |Y 672  |7 A000010235 
856 4 |u http://is.stuba.sk/zp/portal_zp.pl?podrobnosti=135044 
996 |b 13238  |c I*BAP3/19  |l II680  |s P  |a 0  |w stuzp75098_0001